00525nam a2200145Ia 4500003000900000008004100009040001600050080001300066100002200079245017500101260003700276300001300313650004100326650001200367IN-BaIIA211028s9999 xx 000 0 eng d cIIA Library a5bBIS-1 aGeorge H. Bishop, 4aThe excitement and fascination of sciencebvol. 1, a collection of autobiographical and philosophical essayscBishop, G. H., [et al.]  aCaliforniabAnnual Reviewsc1965 ax, 566p. aAstronomy and astrophysics thesaurus aScience